00938pam a2200253 a 4500999001500000001000600015003000900021005001700030008004100047020001800088040003300106082001800139100002100157245005000178260005500228300002900283505003400312650003800346650002100384650003500405942001200440952011600452952011600568 c1095d109511733BD-DhUAP20200202164811.0200202s2008 ii 000 0 eng d a9788175341500 aDLCcBD-DhUAPdBD-DhUAPbEng00a347.9 MUN2231 aMunkman, John H.14aThe technique of advocacy /cJohn H. Munkman. aNew Delhi :bUniversal Law Publishing Co.,cc2008. axiv, 173 pages ;c19 cm. aIndian economy reprint, 2008. 0aCross-examinationzGreat Britain. 0aPractice of law. 0aTrial practicezGreat Britain. 2ddccBK 00102ddc4070aUAPCLbUAPCLcGeneral Stacksd2020-02-02o347.9 MUNp3010011733r2020-02-02t1w2020-02-02yBK 00102ddc4070aUAPCLbUAPCLcGeneral Stacksd2020-02-02o347.9 MUNp3010011732r2020-02-02t2w2020-02-02yBK